[Event "AUTO-BEG-669"]
[Site "http://www.queenalice.com/game.php?id=1605911"]
[Date "2020.4.4"]
[Round "1"]
[White "Tenor"]
[Black "Fagundes"]
[Result "1-0"]
[WhiteElo "1327"]
[BlackElo "1307"]

1. e4 e5 2. Nf3 Nc6 3. Bc4 Nf6 4. Ng5 d5 5. Bb3 Be6 6. Nxe6 fxe6 7. d3 Qd6 8.
Nc3 O-O-O 9. O-O d4 10. Nb5 Qc5 11. Bg5 Qxb5 12. Bxe6+ Kb8 13. Rb1 h6 14. Bxf6
gxf6 15. Bc4 Qc5 16. a3 Qe7 17. f4 exf4 18. Rxf4 Qe5 19. Rf5 Qe7 20. c3 dxc3 21.
bxc3 Qc5+ 22. Rxc5 Bxc5+ 23. Kh1 Bxa3 24. Qb3 Na5 25. Qxa3 Nxc4 26. dxc4 Rhe8
27. Re1 Rxe4 28. Rf1 Rxc4 29. h3 Rc6 30. Qe7 Kc8 31. Rxf6 Rxc3 32. Rf8 Rd3 33.
Rxd8+ Rxd8 34. Qe6+ Kb8 35. Qxh6 a5 36. Qh4 b5 37. Qxd8+ Kb7 38. g4 a4 39. Qf6
a3 40. Qf3+ Kb6 41. Qxa3 c5 42. g5 b4 43. Qa4 Kc7 44. g6 Kd6 45. g7 Ke5 46. g8=Q
Kd4 47. Qb5 Kc3 48. Qxc5+ Kd3 49. Qe6 b3 50. Qed6+ Ke4 51. Qb4+ Ke3 52. Qe1+ Kf3
53. Qf6# 1-0

[Event "Challenge"]
[Site "http://www.queenalice.com/game.php?id=1606655"]
[Date "2020.4.8"]
[Round "-"]
[White "Fagundes"]
[Black "Fuz_Berg"]
[Result "1-0"]
[WhiteElo "1291"]
[BlackElo "1261"]

1. e4 e5 2. Nf3 Bd6 3. Bc4 a6 4. O-O Nf6 5. Ng5 O-O 6. d3 h6 7. Nf3 c5 8. Nh4
Kh7 9. Qf3 b5 10. Bd5 Nxd5 11. Qf5+ g6 12. Qh3 g5 13. Nf5 Qf6 14. exd5 Bb7 15.
Nxd6 Qxd6 16. Bxg5 Qg6 17. Be7 Rg8 18. g3 c4 19. dxc4 bxc4 20. Rd1 Qxc2 21. Na3
Qxb2 22. Qf5+ Kh8 23. Bf6+ Rg7 24. Qh5 Kh7 25. Qf5+ Rg6 26. Nxc4 Qb4 27. Nxe5
Qd6 28. Ng4 Qf8 29. h4 Qg8 30. h5 Bxd5 31. Be5 Be6 32. Nf6+ Kg7 33. Nxg8+ Kxg8
34. Qe4 Nc6 35. hxg6 Rc8 36. gxf7+ Bxf7 37. Qg4+ Kf8 38. Bd6+ Ke8 39. Qh4 Ne7
40. Qxe7# 1-0

[Event "Challenge"]
[Site "http://www.queenalice.com/game.php?id=1608674"]
[Date "2020.4.21"]
[Round "-"]
[White "LuizFerreira"]
[Black "Fagundes"]
[Result "0-1"]
[WhiteElo "1368"]
[BlackElo "1414"]

1. Nf3 e6 2. Nc3 d5 3. e3 Nc6 4. Bb5 Bd7 5. d4 Nb8 6. Bd3 a6 7. b3 Bb4 8. Bd2
Nc6 9. Na4 Bxd2+ 10. Qxd2 Qe7 11. Nc5 b6 12. Na4 Nb4 13. Nb2 Nxd3+ 14. Nxd3 Nf6
15. Nde5 Ne4 16. Qe2 Qb4+ 17. Kf1 Qc3 18. Rb1 Bb5 19. Nd3 Qa5 20. Kg1 Nc3 21.
Qf1 Nxb1 22. Qxb1 Bxd3 23. cxd3 O-O 24. b4 Qa4 25. Nd2 c5 26. b5 axb5 27. Qb3
Qxb3 28. Nxb3 Rxa2 29. h3 Ra3 30. Nc1 Ra1 31. Kh2 c4 32. dxc4 bxc4 33. Ne2 Rxh1+
34. Kxh1 Ra8 35. Kh2 b5 36. f3 b4 37. f4 b3 38. Nc3 b2 39. h4 Rb8 40. Nd1 b1=Q
41. Nf2 Rb2 42. Nh3 Qf1 43. f5 Qxg2# 0-1

[Event "Challenge"]
[Site "http://www.queenalice.com/game.php?id=1609064"]
[Date "2020.4.23"]
[Round "-"]
[White "Fagundes"]
[Black "boris555"]
[Result "0-1"]
[WhiteElo "1373"]
[BlackElo "1679"]

1. e4 e6 2. e5 d5 3. d4 Bd7 4. a3 c5 5. Nf3 Nc6 6. c3 a6 7. Be2 h6 8. O-O c4 9.
b4 cxb3 10. Qxb3 Na5 11. Qb2 b5 12. Nbd2 Rb8 13. Nb3 Nc4 14. Qc2 Ne7 15. Nc5 Bc8
16. Rb1 Rb6 17. h3 Ng6 18. Bd3 Ne7 19. Bxc4 dxc4 20. a4 Nd5 21. a5 Rc6 22. Ra1
Bxc5 23. dxc5 Rxc5 24. Ba3 Rc7 25. Nd4 Qg5 26. Rae1 Nf4 27. g3 Nxh3+ 28. Kg2
Nf4+ 29. Kf3 Nd3 30. Bc1 Nxe1+ 31. Rxe1 Qe7 32. Kg2 Bb7+ 33. Kf1 Qd7 34. Rd1 Qd5
35. f3 Qc5 36. f4 Qd5 37. Ba3 Qh1+ 38. Ke2 Qg2+ 39. Ke1 Qxg3+ 40. Kd2 Qxf4+ 41.
Ke1 Qxe5+ 42. Ne2 Bd5 43. Bc1 g5 44. Rd4 f5 45. Kd1 Rd7 46. Ng1 Be4 47. Qe2
Rxd4+ 48. cxd4 Qxd4+ 49. Bd2 Qxg1+ 50. Be1 Kf7 51. Qh5+ Kf6 52. Ke2 Qg4+ 53.
Qxg4 fxg4 54. Bc3+ e5 55. Ke3 Bf3 56. Kf2 h5 57. Ke3 h4 58. Kd2 h3 59. Kc2 h2
60. Kb2 h1=Q 61. Ka3 Qb1 62. Bb2 Qd3+ 63. Kb4 Qb3+ 64. Kc5 Qxb2 65. Kb6 Rh6 66.
Kxa6 Kf5+ 67. Ka7 Qd4+ 68. Kb8 Qd8+ 69. Ka7 Qa8# 0-1

[Event "AUTO-INT-3528"]
[Site "http://www.queenalice.com/game.php?id=1609228"]
[Date "2020.4.25"]
[Round "1"]
[White "Fagundes"]
[Black "mike52"]
[Result "1-0"]
[WhiteElo "1393"]
[BlackElo "1462"]

1. Nf3 e6 2. e4 d6 3. Bc4 a6 4. O-O Be7 5. d4 Bd7 6. e5 d5 7. Bb3 h6 8. Nc3 Nc6
9. a3 Na5 10. Bd2 Nxb3 11. cxb3 b5 12. a4 b4 13. Na2 a5 14. Nc1 c6 15. Nd3 Bg5
16. Bxg5 hxg5 17. Qd2 g4 18. Ng5 Bc8 19. Qf4 Qe7 20. Qxg4 Nh6 21. Qh5 g6 22. Qf3
Nf5 23. Nh3 Nxd4 24. Qd1 Ba6 25. Re1 Bxd3 26. Qxd3 Nf5 27. Rac1 Rc8 28. Qa6 O-O
29. f4 Nd4 30. Ng5 Nxb3 31. Qd3 Nxc1 32. Qh3 f5 33. exf6 Rxf6 34. Rxc1 Kg7 35.
Qh7+ Kf8 36. Qh8# 1-0

[Event "AUTO-INT-3528"]
[Site "http://www.queenalice.com/game.php?id=1609229"]
[Date "2020.4.25"]
[Round "1"]
[White "mike52"]
[Black "Fagundes"]
[Result "0-1"]
[WhiteElo "1482"]
[BlackElo "1373"]

1. e4 e5 2. d3 Nf6 3. Bg5 Be7 4. Be2 O-O 5. Nf3 Nc6 6. Bxf6 Bxf6 7. O-O d6 8.
Nc3 Be6 9. Nd5 Nd4 10. Nxf6+ Qxf6 11. Nxd4 exd4 12. a4 Qg6 13. Re1 Bh3 14. g3 f5
15. Bh5 Qf6 16. f4 g6 17. Be2 fxe4 18. Qd2 e3 19. Qb4 b6 20. Qc4+ Kh8 21. Qxc7
Qe6 22. Bf3 Rac8 23. Qxa7 Rxc2 24. Qb7 Rxb2 25. Bd5 Qf5 26. a5 Qxd3 27. a6 Qd2
28. Qxb6 Qxh2# 0-1

[Event "AUTO-INT-3528"]
[Site "http://www.queenalice.com/game.php?id=1609230"]
[Date "2020.4.25"]
[Round "1"]
[White "Fagundes"]
[Black "byyonico"]
[Result "0-1"]
[WhiteElo "1326"]
[BlackElo "1559"]

1. Nf3 d5 2. g3 c5 3. Bg2 Nc6 4. O-O e5 5. d3 Nf6 6. Bg5 Be7 7. Nc3 d4 8. Nb5
O-O 9. c3 Bf5 10. e4 Bg6 11. c4 Qb6 12. Bh3 Rfd8 13. a3 a6 14. Nbxd4 cxd4 15.
Rb1 h6 16. Bh4 Nd7 17. Bxe7 Nxe7 18. b4 Qc7 19. Qa4 Nb6 20. Qa5 Nc6 21. Qc5 Na4
22. Qd5 Rxd5 23. cxd5 Na7 24. Rbc1 Nc3 25. Kh1 Qe7 26. Kg2 Nab5 27. Nd2 Nxa3 28.
Bg4 Qxb4 29. Nc4 Nxc4 30. dxc4 Bxe4+ 31. Bf3 Bxf3+ 32. Kxf3 Qxc4 33. Kg2 Qxd5+
34. f3 Re8 35. Rce1 e4 36. fxe4 Nxe4 37. Rxe4 Qxe4+ 38. Rf3 Qc2+ 39. Kh3 Re2 40.
Kg4 Qg6+ 41. Kf4 Re4# 0-1

[Event "AUTO-INT-3528"]
[Site "http://www.queenalice.com/game.php?id=1609231"]
[Date "2020.4.25"]
[Round "1"]
[White "byyonico"]
[Black "Fagundes"]
[Result "0-1"]
[WhiteElo "1563"]
[BlackElo "1348"]

1. d4 Nf6 2. c4 g6 3. Nc3 Bg7 4. e4 O-O 5. Nf3 d6 6. e5 Nh5 7. Bg5 Bg4 8. Be2 h6
9. Be3 c5 10. Qd3 Bf5 11. Qd2 Na6 12. Nd5 e6 13. Nf4 dxe5 14. Nxh5 gxh5 15. dxc5
e4 16. Nd4 Qe7 17. b3 Rad8 18. Nxf5 exf5 19. Qc1 Bxa1 20. Qxa1 Nxc5 21. O-O Kh7
22. Bxh5 Rg8 23. Bxf7 Qxf7 24. g3 Nd3 25. f4 exf3 26. Rxf3 Rde8 27. Qc3 Ne5 28.
Rf4 Ng4 29. Bd2 Re4 30. a4 Re2 31. Be1 Rxh2 32. Bf2 Rxf2 33. Rxf2 Nxf2 34. Kxf2
Qh5 35. Qe5 Re8 36. Qc7+ Kh8 37. Qf4 Qh2+ 38. Kf1 Re2 39. Qb8+ Kg7 40. Qc7+ Kg6
41. Qd6+ Kf7 42. Qd7+ Kf6 43. Qd6+ Re6 44. Qf8+ Kg5 45. Qg7+ Kh5 46. Qf7+ Rg6
47. Qxf5+ Rg5 48. Qf7+ Rg6 49. Qf5+ Rg5 50. Qf7+ Kg4 51. Qf3+ Kxf3 52. Ke1 Qe2#
0-1

[Event "AUTO-INT-3528"]
[Site "http://www.queenalice.com/game.php?id=1609232"]
[Date "2020.4.25"]
[Round "1"]
[White "Fagundes"]
[Black "balu"]
[Result "0-1"]
[WhiteElo "1430"]
[BlackElo "1743"]

1. Nf3 Nf6 2. d4 d5 3. e3 Bf5 4. Be2 a6 5. Nbd2 e6 6. Ne5 Ne4 7. Bd3 f6 8. Nef3
Nc6 9. O-O Nxd2 10. Bxd2 Bxd3 11. cxd3 Bb4 12. Bc1 O-O 13. a3 Bd6 14. Nh4 f5 15.
g3 Qc8 16. e4 dxe4 17. dxe4 fxe4 18. Qg4 Nxd4 19. Qxe4 Nb3 20. Rb1 Nc5 21. Qc2
b5 22. b4 Na4 23. Bb2 Nxb2 24. Rxb2 a5 25. Nf3 Rxf3 26. Qc6 Rxa3 27. Qxb5 Bxb4
28. Qc6 Bc3 29. Re2 e5 30. Qd5+ Kh8 31. Rc2 h6 32. Qc5 Bb4 33. Qxe5 Bd6 34. Qe4
Qe8 35. Qd5 Rd8 36. Qd1 Bxg3 37. Qc1 Bd6 38. Re1 Qg6+ 39. Kh1 Qh5 40. h4 Qxh4+
41. Kg1 Qh3 42. f3 Bh2+ 43. Rxh2 Qxf3 44. Ree2 Rad3 45. Rxh6+ Kg8 46. Qc4+ R3d5
47. Rhh2 Rf8 48. Ref2 Qd1+ 49. Kg2 Rxf2+ 50. Kxf2 Qd4+ 51. Qxd4 Rxd4 52. Ke3 c5
53. Rc2 Rd5 54. Ke4 Rh5 55. Kf4 Kf7 56. Rd2 Ke6 57. Re2+ Kd6 58. Ra2 c4 59. Kg4
g6 60. Ra4 Kd5 61. Rxa5+ Kd4 62. Ra6 c3 63. Rxg6 Rc5 64. Rf6 c2 65. Rf4+ Kd3 66.
Rf3+ Kd2 67. Rf2+ Kc1 68. Kf4 Kb1 69. Rf1+ c1=Q+ 70. Rxc1+ Rxc1 71. Ke4 Rd1 72.
Ke3 Kc2 73. Ke2 Rd8 74. Ke3 Rd7 75. Ke4 Kc3 76. Ke5 Kc4 77. Ke6 Rd1 78. Ke5 Rd2
79. Ke4 Re2+ 80. Kf3 Kd3 81. Kf4 Re1 82. Kf5 Kd4 83. Kf4 Rf1+ 84. Kg5 Ke4 85.
Kg6 Ke5 86. Kg5 Rg1+ 87. Kh4 Kf5 88. Kh3 Kf4 89. Kh2 Rg8 90. Kh3 Rg7 91. Kh2 Kf3
92. Kh1 Kf2 93. Kh2 Rh7# 0-1

[Event "AUTO-INT-3528"]
[Site "http://www.queenalice.com/game.php?id=1609233"]
[Date "2020.4.25"]
[Round "1"]
[White "balu"]
[Black "Fagundes"]
[Result "0-1"]
[WhiteElo "1637"]
[BlackElo "1319"]

1. e4 e5 2. Nf3 Nc6 3. Bc4 Nf6 4. Nc3 Bb4 5. a3 Bxc3 6. bxc3 Nxe4 7. d3 Nxc3 8.
Qd2 Na4 9. O-O O-O 10. Bb5 Nc5 11. Bxc6 dxc6 12. Nxe5 Ne6 13. Bb2 Qd5 14. c4 Qd6
15. a4 c5 16. Ba3 Qxe5 17. Rfe1 Qd4 18. Bb2 Qd6 19. Be5 Qc6 20. Re3 f6 21. Bg3
Nd4 22. Re7 Nb3 23. Qb2 Nxa1 24. Rxc7 Qxa4 25. h4 Qd1+ 26. Kh2 Re8 27. f3 Re2
28. Qc3 Qf1 0-1

[Event "Let's Play Chess!"]
[Site "http://www.queenalice.com/game.php?id=1624598"]
[Date "2020.8.23"]
[Round "-"]
[White "charles31"]
[Black "Fagundes"]
[Result "0-1"]
[WhiteElo "1751"]
[BlackElo "1427"]

1. e4 e5 2. a3 Nf6 3. Nc3 Bc5 4. h3 a6 5. Bc4 b5 6. Ba2 Bb7 7. d3 c6 8. Nf3 Bd4
9. Nxe5 Bxe5 10. Bd2 O-O 11. Bg5 Qa5 12. Qd2 d5 13. d4 Bc7 14. Bxf6 gxf6 15.
exd5 Re8+ 16. Kd1 cxd5 17. f4 Nd7 18. Bxd5 Bxd5 19. Nxd5 Qxd2+ 20. Kxd2 Ba5+ 21.
c3 Rac8 22. b4 Bd8 23. g4 Rc6 24. h4 Rd6 25. Ne3 Rde6 26. Rhe1 Bc7 27. Nd5 Rxe1
28. Rxe1 Rxe1 29. Kxe1 Bd6 30. Ke2 Kg7 31. Ke3 Nf8 32. h5 h6 33. Ke4 Ne6 34. Kf5
Bb8 35. Ne7 Nxf4 36. Ke4 Ne2 37. Kd3 Ng3 38. d5 Bd6 39. Nf5+ Nxf5 40. gxf5 Kf8
41. c4 bxc4+ 42. Kxc4 Ke7 43. a4 Kd7 44. a5 Kc7 45. b5 Kb7 46. b6 Ba3 47. Kd4
Bb4 48. Kc4 Bxa5 49. Kc5 Bxb6+ 50. Kb4 Kc7 51. Kc4 Kd6 0-1

[Event "Challenge"]
[Site "http://www.queenalice.com/game.php?id=1626885"]
[Date "2020.9.14"]
[Round "-"]
[White "Fagundes"]
[Black "nmsouza"]
[Result "0-1"]
[WhiteElo "1427"]
[BlackElo "1500"]

1. e4 c5 2. Nf3 g6 3. Bc4 Bg7 4. e5 d5 5. exd6 Qxd6 6. d3 Nc6 7. a3 Nf6 8. Ng5
O-O 9. O-O Ng4 10. g3 Bd4 11. Bxf7+ Rxf7 12. Nxf7 Kxf7 13. Bf4 e5 14. Be3 Bxb2
15. Qf3+ Qf6 16. Qd5+ Be6 17. Qxc5 Bxa1 18. h3 Nxe3 19. fxe3 Bf5 20. Qd5+ Ke7
21. e4 Qe6 22. Qc5+ Qd6 23. Qxd6+ Kxd6 24. exf5 gxf5 25. Rxf5 Ke6 26. g4 Rg8 27.
Nd2 Nd4 28. Rh5 Rg7 29. Rh6+ Kf7 30. Ne4 Nf3+ 31. Kf2 Ng5 32. Nd6+ Kg8 33. Ne8
Rf7+ 34. Nf6+ Kg7 35. Rh5 Rxf6+ 36. Kg3 h6 37. h4 Ne6 38. g5 hxg5 39. hxg5 Rg6
40. Kg4 Nf4 41. Rh1 Bd4 42. a4 a6 43. Rb1 b6 44. Rb4 Rc6 45. c4 Nxd3 0-1

[Event "AUTO-INT-3581"]
[Site "http://www.queenalice.com/game.php?id=1627194"]
[Date "2020.9.16"]
[Round "1"]
[White "nmsouza"]
[Black "Fagundes"]
[Result "1-0"]
[WhiteElo "1450"]
[BlackElo "1456"]

1. e4 e5 2. Nf3 Bd6 3. Bc4 Nf6 4. d4 Nxe4 5. Nxe5 Bxe5 6. dxe5 Nxf2 7. Kxf2 Qh4+
8. g3 Qxc4 9. Re1 O-O 10. Be3 d6 11. Nc3 Bg4 12. Qd2 Qc6 13. Nd5 Re8 14. Bh6
gxh6 15. Nf6+ Kg7 16. Nxg4 Qb6+ 17. Kf1 Qb5+ 18. Re2 Kh8 19. Qxh6 Re6 20. Qf8#
1-0

[Event "AUTO-INT-3581"]
[Site "http://www.queenalice.com/game.php?id=1627195"]
[Date "2020.9.16"]
[Round "1"]
[White "Fagundes"]
[Black "nmsouza"]
[Result "0-1"]
[WhiteElo "1439"]
[BlackElo "1754"]

1. e4 c5 2. Bc4 g6 3. Nf3 Bg7 4. e5 Nc6 5. O-O Nxe5 6. d4 Nxc4 7. dxc5 Nxb2 8.
Qd5 Na4 9. Ng5 e6 10. Qf3 Qf6 11. c3 Nxc5 12. Be3 Qxf3 13. Nxf3 Ne4 14. Bd4 Bxd4
15. cxd4 Ngf6 16. h3 b5 17. Na3 b4 18. Nb5 Nd5 19. Rfe1 Ba6 20. a4 Bxb5 21. Rxe4
Bd3 22. Ree1 f6 23. Nd2 Nf4 24. g3 Nxh3+ 25. Kg2 Ng5 0-1

[Event "AUTO-INT-3581"]
[Site "http://www.queenalice.com/game.php?id=1627206"]
[Date "2020.9.16"]
[Round "1"]
[White "mike52"]
[Black "Fagundes"]
[Result "1-0"]
[WhiteElo "1536"]
[BlackElo "1423"]

1. e4 e5 2. a3 Nf6 3. Nc3 Bc5 4. d3 d6 5. h3 O-O 6. Qd2 h6 7. Nf3 Nc6 8. Na4 Nd4
9. Nxc5 dxc5 10. Nxe5 Re8 11. Nc4 Bxh3 12. Rxh3 b5 13. Na5 1-0

[Event "AUTO-INT-3581"]
[Site "http://www.queenalice.com/game.php?id=1627207"]
[Date "2020.9.16"]
[Round "1"]
[White "Fagundes"]
[Black "mike52"]
[Result "0-1"]
[WhiteElo "1436"]
[BlackElo "1523"]

1. e4 e5 2. Nf3 Nc6 3. Bc4 Qe7 4. O-O a6 5. Nc3 d6 6. h3 Bd7 7. Nd5 Qd8 8. Ng5
Nh6 9. d3 f6 10. Nf3 b5 11. Bb3 Nd4 12. Bxh6 Nxb3 13. Bxg7 Bxg7 14. axb3 Bc6 15.
Nh4 Bxd5 0-1

[Event "AUTO-INT-3581"]
[Site "http://www.queenalice.com/game.php?id=1627214"]
[Date "2020.9.16"]
[Round "1"]
[White "Fagundes"]
[Black "SamuraiJOM"]
[Result "0-1"]
[WhiteElo "1447"]
[BlackElo "1649"]

1. e4 e5 2. Nf3 Nc6 3. Bc4 h6 4. O-O Nf6 5. Nc3 a6 6. d4 exd4 7. Nxd4 Bc5 8. Nf5
Ne5 9. Nxg7+ Kf8 10. Bf4 Nxc4 0-1

[Event "AUTO-INT-3581"]
[Site "http://www.queenalice.com/game.php?id=1627215"]
[Date "2020.9.16"]
[Round "1"]
[White "SamuraiJOM"]
[Black "Fagundes"]
[Result "1-0"]
[WhiteElo "1640"]
[BlackElo "1456"]

1. e4 e5 2. Nf3 Nc6 3. Bc4 h6 4. c3 d6 5. d3 Bg4 6. h3 Bxf3 7. Qxf3 Qe7 8. a3
Nf6 9. Be3 O-O-O 10. Nd2 h5 11. Bg5 1-0

[Event "AUTO-INT-3528"]
[Site "http://www.queenalice.com/game.php?id=1644042"]
[Date "2021.2.18"]
[Round "3"]
[White "balu"]
[Black "Fagundes"]
[Result "0-1"]
[WhiteElo "1610"]
[BlackElo "1459"]

1. e4 d5 2. exd5 Qxd5 3. Nc3 Qe6+ 4. Qe2 Qxe2+ 5. Bxe2 a6 6. Nf3 Bg4 7. d4 h6 8.
Bf4 Bxf3 9. Bxf3 c6 10. b4 e6 11. a3 Nf6 12. O-O Be7 13. Ne4 O-O 14. Nc5 Ra7 15.
Ne4 Nxe4 16. Bxe4 f5 17. Bf3 Bf6 18. Be5 Bxe5 19. dxe5 Nd7 20. Rfe1 Nb6 21. h3
a5 22. c3 axb4 23. cxb4 Na4 24. Bh5 Nb2 25. Be2 Na4 26. Bc4 Re8 27. Bb3 Nb6 28.
f4 Nc8 29. a4 Kf7 30. Red1 Ra8 31. Rd7+ Re7 32. Rxe7+ Kxe7 33. a5 b6 34. a6 g5
35. g3 gxf4 36. gxf4 Na7 0-1

[Event "AUTO-INT-3528"]
[Site "http://www.queenalice.com/game.php?id=1644043"]
[Date "2021.2.18"]
[Round "3"]
[White "Fagundes"]
[Black "balu"]
[Result "1-0"]
[WhiteElo "1435"]
[BlackElo "1632"]

1. e4 e5 2. Nf3 Nc6 3. Bb5 f6 4. O-O a6 5. Bxc6 bxc6 6. d3 d6 7. h3 Ne7 8. Nc3
d5 9. d4 dxe4 10. Nxe4 Nd5 11. dxe5 Be7 12. exf6 gxf6 13. Nd4 Bb7 14. Ne6 Qc8
15. Qh5+ Kd7 16. N4c5+ Bxc5 17. Nxc5+ Kd6 18. b4 a5 19. c4 axb4 20. Ne4+ Ke7 21.
cxd5 cxd5 22. Nc5 c6 23. Re1+ Kd6 24. Nxb7+ Qxb7 25. Bf4+ Kc5 26. Rac1+ Kb6 27.
Be3+ Ka6 28. Qe2+ Ka5 29. Rc5+ Kb6 30. Rb5+ Kc7 31. Rxb7+ Kxb7 32. Qb2 Kc7 33.
Qxb4 Rhe8 34. Bf4+ Kd7 35. Qd6+ 1-0